[Event "Rated Blitz game"]
[Site "?"]
[Date "2021.07.08"]
[Round "?"]
[White "Sznureks"]
[Black "s_1704"]
[Result "0-1"]
[WhiteElo "2400"]
[BlackElo "2272"]
[PlyCount "55"]
[EventDate "2021.??.??"]
[EventType "blitz"]

1. e4 e5 2. Nf3 d5 3. exd5 e4 4. Qe2 Be7 5. Qxe4 Nf6 6. Qa4+ Nbd7 7. Nc3 O-O 8.
Be2 Nb6 9. Qa5 Nfxd5 10. Nxd5 Nxd5 11. O-O Bb4 12. Qa4 c6 13. c3 b5 14. Qc2 Bd6
15. d4 h6 16. Bd3 Bg4 17. Be4 Nf6 18. h3 Nxe4 19. hxg4 Nf6 20. g5 hxg5 21. Bxg5
Be7 22. Ne5 Rc8 23. Rfe1 c5 24. dxc5 Rxc5 25. Qe2 Qc7 26. Ng6 fxg6 27. Qxe7
Qxe7 28. Re6 {Normal} 0-1

[Event "Rated Blitz game"]
[Site "?"]
[Date "2021.07.08"]
[Round "?"]
[White "Klim_Chess"]
[Black "Fantastic_power06"]
[Result "0-1"]
[WhiteElo "2346"]
[BlackElo "2688"]
[PlyCount "88"]
[EventDate "2021.??.??"]
[EventType "blitz"]

1. e4 e5 2. Nf3 d5 3. exd5 e4 4. Qe2 Nf6 5. d3 Qxd5 6. dxe4 Qxe4 7. Nc3 Bb4 8.
Bd2 Qxe2+ 9. Bxe2 O-O 10. O-O-O Re8 11. Bb5 c6 12. Bd3 Bg4 13. Rde1 Nbd7 14.
Nd4 Ne5 15. Bf1 Rad8 16. Nb3 h6 17. h3 Bf5 18. f4 Ng6 19. g4 Rxe1+ 20. Bxe1 Bc8
21. f5 Nf4 22. Bd2 N4d5 23. Nxd5 Bxd2+ 24. Nxd2 Nxd5 25. Bd3 Nf4 26. Bc4 b5 27.
Bb3 c5 28. c4 Bb7 29. Re1 Nd3+ 30. Kd1 Nxe1 31. Kxe1 b4 32. Bd1 g6 33. fxg6
fxg6 34. h4 Kg7 35. Nb3 Rc8 36. Kf2 Kf6 37. Na5 Ba6 38. Be2 Ke5 39. Nb3 Kf4 40.
h5 gxh5 41. gxh5 Bb7 42. Nc1 Be4 43. a3 bxa3 44. bxa3 Rb8 {Normal} 0-1

[Event "Rated Blitz game"]
[Site "?"]
[Date "2021.07.08"]
[Round "?"]
[White "betonvogel"]
[Black "jflup"]
[Result "1/2-1/2"]
[WhiteElo "2624"]
[BlackElo "2512"]
[PlyCount "127"]
[EventDate "2021.??.??"]
[EventType "blitz"]

1. e4 e5 2. Nf3 d5 3. Nxe5 Bd6 4. d4 dxe4 5. Nc4 Be7 6. Nc3 Nf6 7. Bg5 Nc6 8.
d5 Nxd5 9. Qxd5 Bxg5 10. Qxe4+ Be6 11. Bd3 Qd4 12. Qxd4 Nxd4 13. O-O O-O-O 14.
Ne5 Bf6 15. Rfe1 Rhe8 16. h3 c5 17. Rad1 Bf5 18. Nxf7 Rxe1+ 19. Rxe1 Rd7 20.
Re8+ Kc7 21. Ne5 Rd8 22. Rxd8 Kxd8 23. Bxf5 Nxf5 24. Nd3 c4 25. Nc5 Bxc3 26.
bxc3 b6 27. g4 bxc5 28. gxf5 Ke7 29. Kg2 Kf6 30. f4 Kxf5 31. Kf3 a5 32. a4 h5
33. Ke3 g5 34. fxg5 Kxg5 35. Kf3 Kh4 36. Kg2 Kg5 37. Kg3 h4+ 38. Kf3 Kf5 39.
Ke3 Ke5 40. Kf3 Kf5 41. Ke2 Ke4 42. Kf2 Kf4 43. Ke2 Kg3 44. Ke3 Kxh3 45. Kf3
Kh2 46. Kf2 Kh3 47. Kf3 Kh2 48. Kf2 Kh1 49. Kf1 Kh2 50. Ke2 h3 51. Kf2 Kh1 52.
Kf1 Kh2 53. Kf2 Kh1 54. Ke3 Kg2 55. Ke4 h2 56. Kd5 h1=Q 57. Kxc4 Qd1 58. Kxc5
Qxc2 59. Kc4 Qxa4+ 60. Kd3 Qb3 61. Kd4 Qxc3+ 62. Kxc3 a4 63. Kb2 a3+ 64. Kxa3 {
Normal} 1/2-1/2

[Event "Rated Blitz game"]
[Site "?"]
[Date "2021.07.08"]
[Round "?"]
[White "Shevtsjenko"]
[Black "ahoramahora"]
[Result "0-1"]
[WhiteElo "2405"]
[BlackElo "2337"]
[PlyCount "80"]
[EventDate "2021.??.??"]
[EventType "blitz"]

1. e4 e5 2. Nf3 d5 3. exd5 e4 4. Qe2 Nf6 5. Nc3 Be7 6. d3 O-O 7. dxe4 c6 8.
dxc6 Nxc6 9. Bd2 Nd4 10. Nxd4 Qxd4 11. O-O-O Bb4 12. f3 Re8 13. Qc4 Bxc3 14.
Bxc3 Qe3+ 15. Kb1 Be6 16. Qd4 Qh6 17. Bb5 Rec8 18. g4 Qg5 19. Ba4 b5 20. h4 Qf4
21. Bxb5 Rab8 22. Ba6 Rc6 23. g5 Ne8 24. Be2 Qc7 25. Rd3 Bc4 26. Ka1 Bxd3 27.
Bxd3 Rd8 28. Qb4 Rb6 29. Qa3 Rc6 30. h5 Nd6 31. g6 fxg6 32. hxg6 h6 33. Qb3+
Kf8 34. Rxh6 gxh6 35. g7+ Ke7 36. g8=Q Rxg8 37. Qxg8 Rxc3 38. Qg7+ Nf7 39. bxc3
Qf4 40. Bc4 Qc1# {Normal} 0-1

[Event "Rated Blitz game"]
[Site "?"]
[Date "2021.07.08"]
[Round "?"]
[White "barsik03"]
[Black "pasha1984"]
[Result "1-0"]
[WhiteElo "2429"]
[BlackElo "2385"]
[PlyCount "115"]
[EventDate "2021.??.??"]
[EventType "blitz"]

1. e4 e5 2. Nf3 d5 3. Nxe5 dxe4 4. d4 Bd6 5. Bf4 Nf6 6. Bc4 O-O 7. Nc3 c5 8.
dxc5 Bxc5 9. Qxd8 Rxd8 10. Nxf7 Rf8 11. Nd6+ Kh8 12. Nxc8 Rxc8 13. Bb3 Nc6 14.
Nb5 Bb6 15. Be3 Bxe3 16. fxe3 a6 17. Nd6 Rc7 18. O-O-O h6 19. h3 Nb4 20. a3
Nd3+ 21. Kb1 Nf2 22. g4 Nxh1 23. Rxh1 Kh7 24. Rf1 Rd8 25. Nf5 Rcd7 26. Ka2 Rd1
27. Rf4 Rh1 28. h4 Rg1 29. g5 hxg5 30. hxg5 Rxg5 31. Bf7 Nh5 32. Rf2 Rf8 33.
Nd6 Kh8 34. Rh2 g6 35. Bxg6 Rxg6 36. Rxh5+ Kg7 37. Nxe4 Re6 38. Nc5 Re7 39.
Rg5+ Kf6 40. Rg3 Rc8 41. b4 b6 42. Nxa6 Rxc2+ 43. Kb3 Re2 44. Kc4 R2xe3 45.
Rxe3 Rxe3 46. a4 Ke6 47. Kb5 Rb3 48. Kxb6 Kd7 49. a5 Kc8 50. b5 Rb1 51. Nc5 Kb8
52. a6 Ra1 53. Kc6 Ka7 54. b6+ Kb8 55. Nd7+ Ka8 56. b7+ Ka7 57. b8=Q+ Kxa6 58.
Qb6# {Normal} 1-0

[Event "Rated Blitz game"]
[Site "?"]
[Date "2021.07.08"]
[Round "?"]
[White "theenc"]
[Black "annaly1979"]
[Result "0-1"]
[WhiteElo "2242"]
[BlackElo "2410"]
[PlyCount "48"]
[EventDate "2021.??.??"]
[EventType "blitz"]

1. e4 e5 2. Nf3 d5 3. exd5 e4 4. Ng1 f5 5. d3 Nf6 6. dxe4 fxe4 7. f3 Bd6 8.
fxe4 Nxe4 9. Nf3 O-O 10. Be2 Bc5 11. Rf1 Bg4 12. Nc3 Nxc3 13. bxc3 Nd7 14. Bg5
Qe8 15. Qd2 h6 16. Bh4 Nb6 17. O-O-O Be3 18. c4 Bxd2+ 19. Rxd2 Bxf3 20. Rxf3
Rxf3 21. gxf3 Qe3 22. Be1 Re8 23. Kb2 Qxe2 24. Rxe2 Rxe2 {Normal} 0-1

[Event "Rated Blitz tournament AaCih4Ao"]
[Site "?"]
[Date "2021.07.08"]
[Round "?"]
[White "Lur15"]
[Black "batasjon"]
[Result "0-1"]
[WhiteElo "2347"]
[BlackElo "2414"]
[PlyCount "58"]
[EventDate "2021.??.??"]
[EventType "blitz"]

1. e4 e5 2. Nf3 d5 3. exd5 e4 4. Qe2 Nf6 5. d3 Qxd5 6. Nfd2 Nc6 7. Nc3 Qe5 8.
Ndxe4 Be7 9. Nxf6+ Qxf6 10. Nd5 Qd6 11. Nxe7 Nxe7 12. Qd1 Qg6 13. Be3 O-O 14.
Qb1 Bf5 15. Qd1 Nd5 16. Qf3 Rad8 17. Be2 Rfe8 18. O-O h5 19. h3 h4 20. Rae1 Nb4
21. Bd1 Bd7 22. a3 Bc6 23. Qg4 Qxg4 24. hxg4 Nd5 25. Bg5 f6 26. Bxh4 Nf4 27.
Bf3 Bxf3 28. g3 Ne2+ 29. Kh2 g5 {Normal} 0-1

[Event "Rated Blitz game"]
[Site "?"]
[Date "2021.07.08"]
[Round "?"]
[White "opte17"]
[Black "annaly1979"]
[Result "0-1"]
[WhiteElo "2510"]
[BlackElo "2388"]
[PlyCount "88"]
[EventDate "2021.??.??"]
[EventType "blitz"]

1. e4 e5 2. Nf3 d5 3. exd5 e4 4. Qe2 f5 5. d3 Nf6 6. dxe4 fxe4 7. Nc3 Bb4 8.
Ng5 Bxc3+ 9. bxc3 O-O 10. Ne6 Bxe6 11. dxe6 Nc6 12. Qc4 Kh8 13. a4 Qe8 14. Ba3
Rg8 15. Rb1 Ne5 16. Qxc7 Qxe6 17. Qd6 Qf5 18. Be2 Rgd8 19. Qb4 a5 20. Qxb7 Nf3+
21. Bxf3 exf3 22. Qxf3 Re8+ 23. Kf1 Qxc2 24. Rc1 Qxa4 25. Bd6 Qc4+ 26. Kg1 Rad8
27. Bf4 Rd3 28. Be3 Rxc3 29. Rxc3 Qxc3 30. h3 Qc7 31. g3 Qc2 32. Kg2 Ne4 33.
Rc1 Qd3 34. Rc7 Nd2 35. Bxd2 Qxd2 36. Qf7 Rg8 37. Rd7 Qc3 38. h4 h6 39. Rc7 Qb4
40. Rb7 Qe4+ 41. Kh2 a4 42. Ra7 Qd4 43. Kg1 Rc8 44. Qf4 Qxa7 {Normal} 0-1

[Event "Rated Blitz game"]
[Site "?"]
[Date "2021.07.08"]
[Round "?"]
[White "wat_is_lav"]
[Black "Monkey_King"]
[Result "1-0"]
[WhiteElo "2538"]
[BlackElo "2562"]
[PlyCount "67"]
[EventDate "2021.??.??"]
[EventType "blitz"]

1. e4 e5 2. Nf3 d5 3. exd5 e4 4. Qe2 Nf6 5. d3 Qxd5 6. Nbd2 Bg4 7. dxe4 Qa5 8.
c3 Nc6 9. h3 Be6 10. Nc4 Qh5 11. Ng5 Qxe2+ 12. Bxe2 O-O-O 13. Nxe6 fxe6 14. Be3
Nxe4 15. O-O Nd6 16. Rfe1 Nf5 17. Bf4 Bc5 18. b4 Bb6 19. a4 a5 20. Nxb6+ cxb6
21. Bc4 e5 22. Be6+ Kb8 23. Rxe5 Nxe5 24. Bxe5+ Nd6 25. Bxg7 Rhe8 26. Bf6 Rxe6
27. Bxd8 Nc4 28. Bg5 Re2 29. b5 Rc2 30. Bf6 Kc7 31. Bd4 Nd2 32. Re1 Ra2 33. f4
Rxa4 34. f5 {Normal} 1-0

[Event "Rated Blitz tournament IjACHvU6"]
[Site "?"]
[Date "2021.07.08"]
[Round "?"]
[White "elpapitulua"]
[Black "dr_xStranger"]
[Result "0-1"]
[WhiteElo "2265"]
[BlackElo "2549"]
[PlyCount "118"]
[EventDate "2021.??.??"]
[EventType "blitz"]

1. e4 e5 2. Nf3 d5 3. Nxe5 Bd6 4. d4 dxe4 5. Bd2 Bxe5 6. dxe5 Nc6 7. Bb5 Nge7
8. O-O O-O 9. Bc3 Nd5 10. Bxc6 bxc6 11. Qe2 Bf5 12. Bd4 Nf4 13. Qe3 Qxd4 14.
Qxf4 Qxb2 15. Qxf5 Qxa1 16. Nd2 Qxa2 17. Nxe4 Qe6 18. Qg5 Qg6 19. Qe3 a5 20. f4
f5 21. Ng5 h6 22. Qb3+ Kh8 23. Ne6 Rfb8 24. Qc4 Rb4 25. Qxc6 Rg8 26. Nd4 Qxc6
27. Nxc6 Rc4 28. Nxa5 Rxc2 29. Nb3 Rb8 30. Nd4 Rd2 31. Nxf5 Rbb2 32. Ne3 Re2
33. Rf3 c5 34. e6 Rb1+ 35. Nf1 Rxe6 36. f5 Ree1 37. g4 c4 38. Kg2 c3 39. Rxc3
Rxf1 40. h4 Rg1+ 41. Kf3 Rbf1+ 42. Ke2 Rf4 43. g5 Rxf5 44. Rh3 hxg5 45. hxg5+
Kg8 46. g6 Rxg6 47. Re3 Rg2+ 48. Ke1 Rh5 49. Kf1 Ra2 50. Kg1 Rg5+ 51. Kh1 Rb5
52. Re1 Rab2 53. Re8+ Kf7 54. Re4 Kf6 55. Re8 Kf5 56. Rf8+ Kg4 57. Rg8 g5 58.
Re8 Kh4 59. Rh8+ Kg3 {Normal} 0-1

[Event "Rated Blitz game"]
[Site "?"]
[Date "2021.07.08"]
[Round "?"]
[White "Neftegor"]
[Black "King_bg03"]
[Result "0-1"]
[WhiteElo "2533"]
[BlackElo "2588"]
[PlyCount "32"]
[EventDate "2021.??.??"]
[EventType "blitz"]

1. e4 e5 2. Nf3 d5 3. exd5 e4 4. Qe2 Nf6 5. d3 Qxd5 6. Nbd2 Bf5 7. dxe4 Bxe4 8.
Ng5 Qxg5 9. Nxe4 Qe5 10. Nxf6+ gxf6 11. Be3 Nd7 12. O-O-O O-O-O 13. Bxa7 Qa5
14. Be3 Qxa2 15. Qc4 Qa1+ 16. Kd2 Ne5+ {Normal} 0-1

[Event "Rated Blitz tournament IjACHvU6"]
[Site "?"]
[Date "2021.07.08"]
[Round "?"]
[White "VladimirKruglikov"]
[Black "dr_xStranger"]
[Result "0-1"]
[WhiteElo "2378"]
[BlackElo "2543"]
[PlyCount "158"]
[EventDate "2021.??.??"]
[EventType "blitz"]

1. e4 e5 2. Nf3 d5 3. d4 dxe4 4. Nxe5 Bd6 5. Bc4 Bxe5 6. dxe5 Qxd1+ 7. Kxd1 Nc6
8. Nc3 Bf5 9. Bf4 O-O-O+ 10. Kc1 Bg6 11. h4 h5 12. Re1 Rd4 13. b3 Nge7 14. Kb2
a6 15. e6 b5 16. Be2 fxe6 17. a4 b4 18. Na2 a5 19. Bc4 e5 20. Be3 Rd6 21. Bc5
Rf6 22. c3 Rhf8 23. cxb4 axb4 24. Bb5 Rxf2+ 25. Bxf2 Rxf2+ 26. Kb1 e3+ 27. Kc1
Rc2+ 28. Kd1 Rd2+ 29. Kc1 Nd4 30. Bc4 Rc2+ 31. Kd1 Bf5 32. Nxb4 Bg4+ 33. Be2
Rd2+ 34. Kc1 Nxb3+ 35. Kb1 Nxa1 36. Bxg4+ hxg4 37. Rxe3 Rd1+ 38. Kb2 Nd5 39.
Nxd5 Rxd5 40. Kxa1 Rd1+ 41. Kb2 Rd2+ 42. Kb3 Rxg2 43. Rxe5 Rg3+ 44. Kb4 Rh3 45.
Rg5 g3 46. h5 Rh4+ 47. Kb3 Rh3 48. Rxg7 g2+ 49. Kb2 Rh2 50. Kb3 Kb7 51. h6 Rh3+
52. Kb4 Rh4+ 53. Kb5 Rxh6 54. Rxg2 Rh4 55. Rg7 Re4 56. Rf7 Re5+ 57. Kb4 Kb6 58.
Rf6+ c6 59. Rh6 Re4+ 60. Kb3 Rg4 61. Rf6 Rd4 62. Rh6 Kc5 63. Rh5+ Kb6 64. Rh6
Rf4 65. Rh5 Rg4 66. Rh6 Rf4 67. Kc3 Kc5 68. Kb3 Rf3+ 69. Kb2 Kd5 70. Rh5+ Kc4
71. Rh4+ Kc5 72. Rg4 Kb6 73. Ka2 Ka5 74. Kb2 c5 75. Ka2 Rc3 76. Kb2 Re3 77. Ka2
Rd3 78. Kb2 Rd4 79. Ka2 Rxg4 {Normal} 0-1

[Event "Rated Blitz tournament ziUdx1Wn"]
[Site "?"]
[Date "2021.07.08"]
[Round "?"]
[White "KAKEK_sugiono"]
[Black "om_gendut"]
[Result "1/2-1/2"]
[WhiteElo "2372"]
[BlackElo "2471"]
[PlyCount "57"]
[EventDate "2021.??.??"]
[EventType "blitz"]

1. e4 e5 2. Nf3 d5 3. exd5 e4 4. Qe2 Be7 5. Qxe4 Nf6 6. Qa4+ Nbd7 7. c4 O-O 8.
Nc3 a6 9. Qc2 b5 10. Bd3 bxc4 11. Bxc4 Nb6 12. d3 Nbxd5 13. O-O Bb7 14. Re1
Nxc3 15. bxc3 Bxf3 16. gxf3 h6 17. d4 Bd6 18. Qf5 Rb8 19. Bxh6 gxh6 20. Qg6+
Kh8 21. Bxf7 Nh7 22. Re6 Qh4 23. Re4 Qxh2+ 24. Kf1 Ng5 25. Qf6+ Kh7 26. Qg6+
Kh8 27. Qf6+ Kh7 28. Qg6+ Kh8 29. Qf6+ {Normal} 1/2-1/2

[Event "Rated Blitz tournament 0FnYXM05"]
[Site "?"]
[Date "2021.07.08"]
[Round "?"]
[White "StoleLaf"]
[Black "Maltinho"]
[Result "1/2-1/2"]
[WhiteElo "2567"]
[BlackElo "2524"]
[PlyCount "80"]
[EventDate "2021.??.??"]
[EventType "blitz"]

1. e4 e5 2. Nf3 d5 3. exd5 Bd6 4. Nc3 Nf6 5. Bb5+ c6 6. dxc6 Nxc6 7. Bxc6+ bxc6
8. d3 Nd5 9. Ne4 Bc7 10. O-O O-O 11. Re1 Bg4 12. h3 Bh5 13. Ng3 Bxf3 14. Qxf3
f5 15. b3 Qd7 16. Bb2 Rae8 17. Re2 Nf4 18. Ree1 e4 19. dxe4 fxe4 20. Qg4 Qxg4
21. hxg4 e3 22. fxe3 Nd5 23. Nf5 Bb6 24. Bd4 Re4 25. Bxb6 axb6 26. c4 Nb4 27.
Rad1 Rxg4 28. e4 Nxa2 29. Rd7 Nc3 30. Ne7+ Kh8 31. Nxc6 Nxe4 32. Rd4 Nf6 33.
Rxg4 Nxg4 34. b4 h6 35. c5 bxc5 36. bxc5 Rc8 37. Re6 Ra8 38. g3 Ra3 39. Kg2 Rc3
40. Ne5 Rc2+ {Normal} 1/2-1/2

[Event "Rated Blitz game"]
[Site "?"]
[Date "2021.07.08"]
[Round "?"]
[White "Logmann72"]
[Black "Abik02"]
[Result "0-1"]
[WhiteElo "2447"]
[BlackElo "2672"]
[PlyCount "118"]
[EventDate "2021.??.??"]
[EventType "blitz"]

1. e4 e5 2. Nf3 d5 3. Nxe5 Bd6 4. d4 dxe4 5. Nc4 Nf6 6. Nxd6+ Qxd6 7. h3 O-O 8.
c3 Bf5 9. Be3 Nc6 10. Nd2 Nd5 11. Nc4 Qf6 12. Be2 Rad8 13. O-O h6 14. Qc1 Qg6
15. Kh1 Bc8 16. a4 f5 17. Bf4 Be6 18. b4 Qf7 19. Ne5 Nxe5 20. Bxe5 Nb6 21. a5
Nc4 22. Bxc4 Bxc4 23. Re1 c6 24. Qe3 Bd5 25. Rac1 f4 26. Qd2 Qf5 27. Kh2 Bc4
28. Qd1 Rf7 29. Qg4 Bd3 30. c4 Qxg4 31. hxg4 g5 32. f3 e3 33. Red1 Be2 34. Re1
Bd3 35. Red1 Bg6 36. Kg1 Rfd7 37. Kf1 Kf7 38. Ke2 h5 39. gxh5 Bxh5 40. Rh1 Kg6
41. b5 Rh7 42. a6 cxb5 43. cxb5 bxa6 44. Rc6+ Kf7 45. Rc7+ Kg6 46. Rxh7 Kxh7
47. Rxh5+ Kg6 48. Rh1 axb5 49. Ra1 Rc8 50. Ra6+ Kh5 51. Kd3 b4 52. Rxa7 Rc3+
53. Ke4 e2 54. Kf5 Kh4 55. Ra1 b3 56. Bf6 b2 57. Rh1+ Kg3 58. d5 Rc1 59. Rh3+
Kxg2 {Time forfeit} 0-1

[Event "Rated Blitz game"]
[Site "?"]
[Date "2021.07.08"]
[Round "?"]
[White "Maksat-94"]
[Black "Abik02"]
[Result "1-0"]
[WhiteElo "2611"]
[BlackElo "2667"]
[PlyCount "81"]
[EventDate "2021.??.??"]
[EventType "blitz"]

1. e4 e5 2. Nf3 d5 3. exd5 e4 4. Qe2 Nf6 5. Nc3 Be7 6. Nxe4 O-O 7. d3 Nxd5 8.
Qd1 f5 9. Ng3 h5 10. Be2 h4 11. Nf1 Bf6 12. c3 c5 13. h3 Nc6 14. N1h2 Re8 15.
O-O Be6 16. Re1 Bf7 17. Nf1 g5 18. Ne3 Nf4 19. Bf1 Qd7 20. Nc2 Rxe1 21. Ncxe1
Ne6 22. Be3 Re8 23. Qa4 a6 24. Rd1 b5 25. Qxa6 Nc7 26. Qa3 b4 27. Qa4 Nd5 28.
Bxg5 Bxg5 29. Nxg5 bxc3 30. Nxf7 Kxf7 31. bxc3 Nxc3 32. Qc4+ Nd5 33. Nf3 f4 34.
d4 Na5 35. Qa6 Qc7 36. dxc5 Nf6 37. Ng5+ Kg6 38. Nf3 Kg7 39. Rd6 Rf8 40. Nd4
Kg6 41. Ne6 {Normal} 1-0

[Event "Rated Blitz game"]
[Site "?"]
[Date "2021.07.08"]
[Round "?"]
[White "Kmmahayan"]
[Black "blastol"]
[Result "0-1"]
[WhiteElo "2320"]
[BlackElo "2435"]
[PlyCount "144"]
[EventDate "2021.??.??"]
[EventType "blitz"]

1. e4 e5 2. Nf3 d5 3. exd5 Bd6 4. c4 e4 5. Nd4 Nf6 6. d3 O-O 7. Be2 Qe7 8. dxe4
Nxe4 9. O-O Qh4 10. Nf3 Qh5 11. Nc3 Nxc3 12. bxc3 Bg4 13. h3 Bd7 14. Be3 Qg6
15. Bd3 f5 16. Bd4 Na6 17. Qc2 Nc5 18. Bxc5 Bxc5 19. Ne5 Qd6 20. Nxd7 Qxd7 21.
Rfe1 Rf6 22. Re5 g6 23. Rae1 Raf8 24. Qe2 f4 25. Qf3 Qa4 26. R1e2 Qd1+ 27. Kh2
Bd6 28. Re6 R6f7 29. Bc2 Qa1 30. Bb3 b6 31. Re1 Qb2 32. R6e2 Qa3 33. Re8 a5 34.
Qg4 Kg7 35. Rxf8 Rxf8 36. h4 a4 37. Bc2 Qxa2 38. Bd3 Qxf2 39. Re6 f3+ 40. Kh3
Qxg2+ 41. Qxg2 fxg2 42. Kxg2 Rf4 43. Re4 Rxe4 44. Bxe4 a3 45. Bb1 Be5 46. Kf3
Bxc3 47. Ke4 Bf6 48. h5 gxh5 49. Kf5 Be7 50. Ke6 Bd6 51. Kf5 h4 52. Kg4 Kf6 53.
Kxh4 Ke5 54. Kg5 Kd4 55. Ba2 Bf8 56. Kf5 Kc5 57. Ke6 Bd6 58. Kf5 h6 59. Kg6 Bf4
60. Kf5 Bc1 61. Ke6 c6 62. d6 Bg5 63. d7 b5 64. cxb5 cxb5 65. Kf5 Kd4 66. Ke6
Kc3 67. Kf7 b4 68. Ke8 b3 69. Bxb3 Kxb3 70. Kf7 a2 71. Ke6 a1=Q 72. Kf5 Qe1 {
Time forfeit} 0-1

[Event "Rated Blitz tournament SuMsHVMi"]
[Site "?"]
[Date "2021.07.08"]
[Round "?"]
[White "ronaldgllavanes"]
[Black "Armament_Haki"]
[Result "1/2-1/2"]
[WhiteElo "2404"]
[BlackElo "2535"]
[PlyCount "76"]
[EventDate "2021.??.??"]
[EventType "blitz"]

1. e4 e5 2. Nf3 d5 3. d4 dxe4 4. Nxe5 Nd7 5. Bf4 Ngf6 6. Be2 Nxe5 7. Bxe5 Bd6
8. Bg3 O-O 9. O-O Re8 10. c4 Bf5 11. Nc3 Qd7 12. Qd2 Rad8 13. Rad1 Bg6 14. a3
c6 15. b4 e3 16. fxe3 Bxg3 17. hxg3 Qc7 18. Kh2 Ne4 19. Nxe4 Rxe4 20. Rf4 Rde8
21. Rxe4 Rxe4 22. Bf3 Rh4+ 23. Kg1 Qxg3 24. d5 cxd5 25. cxd5 Bf5 26. d6 Bd7 27.
Bxb7 Rh2 28. a4 Qh4 29. Kf1 Rh1+ 30. Ke2 Bg4+ 31. Bf3 Bxf3+ 32. Kxf3 Qh5+ 33.
g4 Qh3+ 34. Kf4 Qh6+ 35. Ke4 Qe6+ 36. Kf4 Qh6+ 37. Ke4 Qe6+ 38. Kf4 Qh6+ {
Normal} 1/2-1/2

[Event "Rated Blitz tournament 0FnYXM05"]
[Site "?"]
[Date "2021.07.08"]
[Round "?"]
[White "Mischuk_D"]
[Black "Maltinho"]
[Result "0-1"]
[WhiteElo "2579"]
[BlackElo "2513"]
[PlyCount "146"]
[EventDate "2021.??.??"]
[EventType "blitz"]

1. e4 e5 2. Nf3 d5 3. Nxe5 Bd6 4. d4 dxe4 5. Nc4 Nf6 6. Nc3 O-O 7. Bg5 Nc6 8.
Be2 Re8 9. Qd2 h6 10. Bh4 Bf5 11. Nxd6 Qxd6 12. d5 Nb4 13. Bg3 Qc5 14. O-O
Nbxd5 15. Nxd5 Nxd5 16. Rfd1 c6 17. c4 e3 18. Qd4 exf2+ 19. Qxf2 Qxf2+ 20. Kxf2
Ne3 21. Rd2 Bg4 22. Bd3 Rad8 23. h3 Nxc4 24. Bh7+ Kxh7 25. Rxd8 Rxd8 26. hxg4
Rd2+ 27. Kf3 Rd3+ 28. Kf2 Rd2+ 29. Kf3 Rxb2 30. a4 a5 31. Bc7 Rb3+ 32. Kf2 Ne3
33. g5 hxg5 34. Re1 Ng4+ 35. Ke2 Re3+ 36. Kd2 Rxe1 37. Kxe1 Nf6 38. Bxa5 Nd5
39. Ke2 Kg6 40. Kd3 Kf5 41. Kd4 Ke6 42. Bd2 f6 43. Kc5 Kd7 44. a5 Kc7 45. Be1
b6+ 46. axb6+ Nxb6 47. Bg3+ Kb7 48. Kd6 Nd5 49. Ke6 Nf4+ 50. Kf7 Nxg2 51. Kxg7
f5 52. Kf6 f4 53. Bf2 g4 54. Kg5 g3 55. Bc5 f3 56. Kg4 f2 57. Kxg3 f1=Q 58. Bd4
Qc4 59. Bf2 Qd5 60. Kg4 c5 61. Kg3 c4 62. Be1 Qd3+ 63. Kf2 Ne3 64. Bb4 Nc2 65.
Ba5 Nd4 66. Kg2 Qe2+ 67. Kg1 Qf3 68. Kh2 Ne2 69. Bc7 Qf2+ 70. Kh3 Qf1+ 71. Kh4
c3 72. Kg5 c2 73. Bf4 Qg2+ {Time forfeit} 0-1

[Event "Rated Blitz game"]
[Site "?"]
[Date "2021.07.08"]
[Round "?"]
[White "provolution"]
[Black "annaly1979"]
[Result "0-1"]
[WhiteElo "2445"]
[BlackElo "2387"]
[PlyCount "60"]
[EventDate "2021.??.??"]
[EventType "blitz"]

1. e4 e5 2. Nf3 d5 3. Nxe5 Qe7 4. d4 f6 5. Nd3 Nc6 6. Be3 dxe4 7. Nc5 f5 8. c4
Nf6 9. d5 Ne5 10. Nc3 a6 11. Bd4 Nd3+ 12. Bxd3 exd3+ 13. Kd2 b6 14. Re1 bxc5
15. Rxe7+ Bxe7 16. Bxf6 Bxf6 17. f4 O-O 18. Kxd3 Bd7 19. Qf3 Rab8 20. b3 Rfe8
21. Rd1 Bd4 22. Kc2 Re3 23. Qh5 Rxc3+ 24. Kb1 Re8 25. Qg5 h6 26. Qg6 Bf6 27. h3
Re2 28. g4 Rcc2 29. gxf5 Rb2+ 30. Kc1 Rec2# {Normal} 0-1

[Event "Rated Blitz game"]
[Site "?"]
[Date "2021.07.08"]
[Round "?"]
[White "NonTopPlayer"]
[Black "vovaches"]
[Result "0-1"]
[WhiteElo "2307"]
[BlackElo "2578"]
[PlyCount "40"]
[EventDate "2021.??.??"]
[EventType "blitz"]

1. e4 e5 2. Nf3 d5 3. Nxe5 Bd6 4. d4 dxe4 5. Bc4 Bxe5 6. dxe5 Qxd1+ 7. Kxd1 Nc6
8. Bf4 Nge7 9. e6 Bxe6 10. Bxe6 fxe6 11. Bxc7 Nd5 12. Bg3 O-O-O 13. Kc1 h5 14.
h4 e3 15. fxe3 Nxe3 16. Rg1 Nd4 17. Nc3 Nexc2 18. Rb1 Nb4 19. Rd1 Nf5 20. Bf2
Nd3+ {Normal} 0-1

[Event "Rated Blitz game"]
[Site "?"]
[Date "2021.07.08"]
[Round "?"]
[White "pupilo29"]
[Black "Dzon_Vejn"]
[Result "0-1"]
[WhiteElo "2403"]
[BlackElo "2438"]
[PlyCount "134"]
[EventDate "2021.??.??"]
[EventType "blitz"]

1. e4 e5 2. Nf3 d5 3. Bb5+ c6 4. Be2 dxe4 5. Nxe5 Qd4 6. Ng4 f5 7. Ne3 f4 8. c3
Qd8 9. Nc2 Bf5 10. O-O Bc5 11. b4 Bb6 12. Nba3 Nf6 13. Nc4 Bc7 14. Nd4 Bg6 15.
a4 Qd7 16. d3 O-O 17. dxe4 Nxe4 18. Qb3 Bf7 19. Qc2 Nf6 20. Nf3 Na6 21. Nce5
Qc8 22. Nxf7 Kxf7 23. Bc4+ Nd5 24. Qxh7 Qd7 25. Re1 Rae8 26. Bb2 Qg4 27. Qh4
Qxh4 28. Nxh4 g6 29. Nf3 Rxe1+ 30. Rxe1 Re8 31. Rxe8 Kxe8 32. Nd4 Ke7 33. Nxc6+
bxc6 34. Bxa6 Be5 35. Bd3 Nxc3 36. Bxc3 Bxc3 37. b5 cxb5 38. axb5 g5 39. h3 Kf6
40. Kf1 Ke5 41. Ke2 Kd4 42. Bf5 Ke5 43. Bd7 Bd4 44. Kf3 Kf6 45. Bc6 Bb6 46. g3
fxg3 47. fxg3 Ke5 48. Kg4 Kf6 49. Kh5 Bc7 50. h4 Bxg3 51. hxg5+ Kg7 52. g6 Bd6
53. Kg5 Be7+ 54. Kf5 Bd6 55. Ke6 Bc5 56. Be4 Bb6 57. Kd5 Kf8 58. Kc6 Kg7 59.
Kd5 Kf6 60. Kc6 Bd4 61. Kd5 Be3 62. Kc6 Bf4 63. Kd5 Bg3 64. Kc6 Bf2 65. Kb7 a5
66. bxa6 Be3 67. a7 Bf4 {Time forfeit} 0-1

[Event "Rated Blitz game"]
[Site "?"]
[Date "2021.07.08"]
[Round "?"]
[White "Tiger1958"]
[Black "GoughPhar"]
[Result "1-0"]
[WhiteElo "2461"]
[BlackElo "2430"]
[PlyCount "55"]
[EventDate "2021.??.??"]
[EventType "blitz"]

1. e4 e5 2. Nf3 d5 3. d3 dxe4 4. dxe4 Qxd1+ 5. Kxd1 Nf6 6. Bd3 Nc6 7. h3 Bc5 8.
Ke2 Be6 9. c3 O-O-O 10. Bc2 Bc4+ 11. Ke1 Rd7 12. Nbd2 Ba6 13. b4 Bxb4 14. cxb4
Nxb4 15. Bb1 Rhd8 16. Nxe5 Re7 17. f4 Nxe4 18. Nxe4 f6 19. Ba3 fxe5 20. Bxb4
Red7 21. Nc5 Rd1+ 22. Kf2 Rxh1 23. Bf5+ Kb8 24. Nxa6+ bxa6 25. Rxh1 exf4 26.
Rb1 Rd5 27. Bc5+ Ka8 28. Be4 {Normal} 1-0

[Event "Rated Blitz game"]
[Site "?"]
[Date "2021.07.08"]
[Round "?"]
[White "bardia_sheykhhasani"]
[Black "ahoramahora"]
[Result "0-1"]
[WhiteElo "2512"]
[BlackElo "2325"]
[PlyCount "46"]
[EventDate "2021.??.??"]
[EventType "blitz"]

1. e4 e5 2. Nf3 d5 3. Nxe5 Bd6 4. d4 dxe4 5. Qh5 Qe7 6. Nc3 Nf6 7. Qg5 O-O 8.
Bc4 Be6 9. Bxe6 Qxe6 10. O-O Nbd7 11. Nxd7 Nxd7 12. Bf4 f5 13. Bxd6 cxd6 14. f3
d5 15. fxe4 dxe4 16. Rae1 Nb6 17. Kh1 Rad8 18. Ne2 Nd5 19. c4 Nb4 20. Nf4 Qxc4
21. Nh5 Qxd4 22. Rd1 Nd3 23. Rxf5 Nf2+ {Normal} 0-1

[Event "Rated Blitz game"]
[Site "?"]
[Date "2021.07.08"]
[Round "?"]
[White "dadangsp"]
[Black "om_gendut"]
[Result "0-1"]
[WhiteElo "2233"]
[BlackElo "2451"]
[PlyCount "132"]
[EventDate "2021.??.??"]
[EventType "blitz"]

1. e4 e5 2. Nf3 d5 3. Nxe5 Bd6 4. d4 dxe4 5. Nc4 Be7 6. Be3 Nf6 7. h3 O-O 8.
Nc3 Nc6 9. a3 Be6 10. Ne5 Nxe5 11. dxe5 Nd5 12. Nxd5 Qxd5 13. Qxd5 Bxd5 14. c4
Bc6 15. b4 a6 16. Be2 Rfe8 17. O-O Bf8 18. Bd4 Rad8 19. Bc3 g6 20. Rad1 Bg7 21.
Rxd8 Rxd8 22. f4 exf3 23. gxf3 g5 24. Kf2 Re8 25. Rg1 h6 26. h4 Kf8 27. hxg5
hxg5 28. Rxg5 Re6 29. f4 Bh6 30. Rh5 Bxf4 31. Bf3 Bh6 32. Bd5 Rg6 33. Rf5 Bxd5
34. cxd5 Ke7 35. Bd4 Rg5 36. Bc5+ Ke8 37. Rxg5 Bxg5 38. Kf3 b5 39. Be3 Bh4 40.
Bd2 Ke7 41. Ke4 Bf2 42. Bg5+ Kd7 43. Kd3 Bg3 44. Ke4 Be1 45. Bf6 Ke8 46. e6 Bd2
47. Be5 fxe6 48. dxe6 Ke7 49. Kf5 Bc1 50. Bf6+ Ke8 51. Bd4 Bxa3 52. Bc3 Bc1 53.
Be5 Bd2 54. Bxc7 Bxb4 55. Ke5 a5 56. Kd5 a4 57. Kc6 Bc3 58. Bd6 b4 59. Kb5 a3
60. Bxb4 Bxb4 61. Kxb4 a2 62. Kc5 a1=Q 63. Kd6 Qa6+ 64. Ke5 Ke7 65. Kf4 Qxe6
66. Kg5 Kd6 {Normal} 0-1